000
00492nam a2200181Ia 4500
008
090124s9999 xx 000 0 und d
082
_b
18664
100
_a
राजे शैलजा
245
_a
प्रलय़
250
_a
1
260
_b
दिलीप प्रकाशन
_c
1977
300
_a
133
600
_a
राजे शैलजा
630
_a
प्रलय़
700
_a
राजे शैलजा
730
_a
प्रलय़
942
_c
BOOK
999
_c
89659
_d
89659